00584 a2200181 4500010001400000020002600014035001300040037001600053082001000069100002400079245008600103250001100189260004400200270004800244300003000292500005100322700002900373 aENG-89182 a9788120334151c450.00 aEN-72715 bDBAD / PUB14a005.81 aPfleeger, Charles P1 aSecurity in computing /cby Charles P Pfleeger [and] Shari Lawrence Pfleeger a4th ed aNew DelhibPrentice-Hall of Indiac2008 aM-97, Connaught Circus,bNew Delhie110001 axxix, 845p.c24 cm (pbk) aIncludes bibliographical references and index1 aPfleeger, Shari Lawrence